书目信息 |
| 题名: |
新编大学英语专业实用语法
|
|
| 作者: | 杨明光 , 张镇华 编著 | |
| 分册: | ||
| 出版信息: | 重庆 重庆大学出版社 2004.11 |
|
| 页数: | 459页 | |
| 开本: | 23cm | |
| 丛书名: | ||
| 单 册: | ||
| 中图分类: | H314 | |
| 科图分类: | ||
| 主题词: | 英语--语法--高等学校--教材 | |
| 电子资源: | ||
| ISBN: | 7-5624-3218-X | |
| 000 | 01017nam0 2200241 450 | |
| 001 | 0138423164 | |
| 005 | 20050629082529.41 | |
| 010 | @a7-5624-3218-X@dCNY38.00 | |
| 100 | @a20050309d2004 km y0chiy0120 ea | |
| 101 | 0 | @achi@aeng |
| 102 | @aCN@b510000 | |
| 105 | @ay z 000yy | |
| 200 | 1 | @a新编大学英语专业实用语法@Axin bian da xue ying yu zhuan ye shi yong yu fa@d= New english grammar in use for english majors@f杨明光, 张镇华编著@Fyang ming guang,zhang zhen hua bian zhu@zeng |
| 210 | @a重庆@c重庆大学出版社@d2004.11 | |
| 215 | @a459页@d23cm | |
| 330 | @a本书是针对大学英语专业学生编写的语法书。它既可以用做教材,又可以用做参考书。全书分为二十个章节,比较全面地概括了英语语法,每章后面附有练习,便于学生对所学语法知识进行巩固。 | |
| 510 | 1 | @aNew english grammar in use for english majors@zeng |
| 606 | 0 | @a英语@x语法@x高等学校@x教材 |
| 690 | @aH314@v4 | |
| 701 | 0 | @a杨明光@Ayang ming guang@4编著 |
| 701 | 0 | @a张镇华@Azhang zhen hua@4编著 |
| 801 | 0 | @aCN@bRULIN@c20050629 |
| 905 | @a10447@dH314@eY231 | |
| 新编大学英语专业实用语法= New english grammar in use for english majors/杨明光, 张镇华编著.-重庆:重庆大学出版社,2004.11 |
| 459页;23cm |
| ISBN 7-5624-3218-X:CNY38.00 |
| 本书是针对大学英语专业学生编写的语法书。它既可以用做教材,又可以用做参考书。全书分为二十个章节,比较全面地概括了英语语法,每章后面附有练习,便于学生对所学语法知识进行巩固。 |
| ● |
| 相关链接 |
|
|
|
正题名:新编大学英语专业实用语法
索取号:H314/Y231
 
预约/预借
| 序号 | 登录号 | 条形码 | 馆藏地/架位号 | 状态 | 备注 |
| 1 | 522380 | 205223809 | 语言库209/209语言库 35排3列4层/ [索取号:H314/Y231] | 在馆 | |
| 2 | 522381 | 205223818 | 语言库209/209语言库 35排3列4层/ [索取号:H314/Y231] | 在馆 | |
| 3 | 522382 | 205223827 | 语言库209/209语言库 35排3列4层/ [索取号:H314/Y231] | 在馆 |